|
|
|
|
| LEADER |
00000nam0a2200000 4500 |
| 001 |
296064 |
| 005 |
20231102000853.0 |
| 020 |
|
|
|a RU
|b 84-42734
|
| 035 |
|
|
|a (RuTPU)RU\TPU\book\321157
|
| 090 |
|
|
|a 296064
|
| 100 |
|
|
|a 20150527d1984 km y0rusy5003 ca
|
| 101 |
0 |
|
|a rus
|
| 102 |
|
|
|a RU
|
| 105 |
|
|
|a a z 001zy
|
| 200 |
1 |
|
|a Вольнодумец Акоста
|f М. С. Беленький
|
| 210 |
|
|
|a Москва
|c Мысль
|d 1984
|
| 215 |
|
|
|a 127 с.
|c 8 л. ил.
|
| 320 |
|
|
|a Библиогр.: с. 124-126
|
| 600 |
|
1 |
|a Акоста
|b У.
|c Нидерландский философ
|f 1585-1640
|g Уриэль
|2 stltpush
|3 (RuTPU)RU\TPU\pers\40898
|
| 606 |
1 |
|
|a Западноевропейская философия
|x История
|2 stltpush
|3 (RuTPU)RU\TPU\subj\67547
|9 83304
|
| 610 |
1 |
|
|a нидерландская философия
|
| 610 |
1 |
|
|a история
|
| 610 |
1 |
|
|a 17 век
|
| 610 |
1 |
|
|a философы
|
| 610 |
1 |
|
|a персоналии
|
| 700 |
|
1 |
|a Беленький
|b М. С.
|g Моисей Соломонович
|4 070
|
| 801 |
|
0 |
|a RU
|b RuMRKP
|c 19950704
|g psbo
|
| 801 |
|
1 |
|a RU
|b 63413507
|c 20150527
|
| 801 |
|
2 |
|a RU
|b 63413507
|c 20180523
|g RCR
|
| 942 |
|
|
|c BK
|